[Event "Managua Hurtado Memorial 15th"]
[Site "Managua"]
[Date "2015.12.27"]
[Round "3"]
[White "Blandon, Jaime"]
[Black "Escobar, Edgar Antonio"]
[Result "1/2-1/2"]
[WhiteElo "1902"]
[BlackElo "1705"]
[PlyCount "81"]
[EventDate "2015.12.26"]
[EventType "swiss"]
[EventRounds "9"]
[EventCountry "NCA"]
[SourceTitle "CBM 170 Extra"]
[Source "ChessBase"]
[SourceDate "2016.02.25"]
[SourceVersion "1"]
[SourceVersionDate "2016.02.25"]
[SourceQuality "1"]

1. e4 c6 2. d4 d5 3. e5 Bf5 4. Nf3 e6 5. Be2 Nd7 6. 0-0 Rc8 7. Be3 c5 8. dxc5 Bxc5 9. Bxc5 Rxc5 10. Nc3 a6 11. Nd4 Ne7 12. Nxf5 Nxf5 13. Bd3 Nh6 14. Qe2 d4 15. Ne4 Rxe5 16. f4 Rd5 17. Bc4 Nb6 18. Bxd5 Nxd5 19. c3 Nf5 20. cxd4 Nxd4 21. Qf2 Nxf4 22. Kh1 e5 23. g3 Qd5 24. gxf4 Qxe4+ 25. Qg2 Qxg2+ 26. Kxg2 exf4 27. Rxf4 Ne6 28. Rc4 Ke7 29. Rac1 Rd8 30. R1c2 b5 31. Re4 Rd6 32. Kf2 f5 33. Re1 Kf6 34. Rec1 Nd4 35. Rd2 g5 36. Rcd1 Ke5 37. Re1+ Kf6 38. Red1 Ke5 39. Re1+ Kf4 40. Red1 Ke4 41. Re1+ 1/2-1/2

[Event "Managua Hurtado Memorial 15th"]
[Site "Managua"]
[Date "2015.12.26"]
[Round "1"]
[White "Blandon, Jaime"]
[Black "Trana, Luis Manuel"]
[Result "1-0"]
[WhiteElo "1902"]
[BlackElo "1447"]
[PlyCount "51"]
[EventDate "2015.12.26"]
[EventType "swiss"]
[EventRounds "9"]
[EventCountry "NCA"]
[SourceTitle "CBM 170 Extra"]
[Source "ChessBase"]
[SourceDate "2016.02.25"]
[SourceVersion "1"]
[SourceVersionDate "2016.02.25"]
[SourceQuality "1"]

1. e4 e5 2. Nf3 Nc6 3. Bb5 a6 4. Ba4 b5 5. Bb3 Be7 6. d4 Nf6 7. Nxe5 Nxe5 8. dxe5 Nxe4 9. Qd5 0-0 10. Qxa8 Nc5 11. Be3 Bb7 12. Qxd8 Rxd8 13. Bxc5 Bxc5 14. 0-0 Bd4 15. c3 Bxe5 16. Nd2 d5 17. Nf3 Bf6 18. Rfe1 h5 19. Rad1 c5 20. Ne5 Re8 21. Nd7 Rd8 22. Nxf6+ gxf6 23. Re7 Bc6 24. Ra7 Ra8 25. Rxa8+ Bxa8 26. Bxd5 1-0

[Event "Managua Sub zt 2.3"]
[Site "Managua"]
[Date "2014.05.02"]
[Round "9"]
[White "Monzon Perez, Calixto Raul"]
[Black "Blandon, Jaime"]
[Result "1/2-1/2"]
[WhiteElo "2066"]
[BlackElo "1917"]
[PlyCount "70"]
[EventDate "2014.04.27"]
[EventType "swiss"]
[EventRounds "9"]
[EventCountry "NCA"]
[SourceTitle "EXT 2015"]
[Source "ChessBase"]
[SourceDate "2014.11.20"]
[SourceVersion "1"]
[SourceVersionDate "2014.11.20"]
[SourceQuality "1"]

1. e4 c5 2. Nf3 d6 3. d4 cxd4 4. Nxd4 Nf6 5. Nc3 a6 6. Be2 e5 7. Nb3 Be6 8. Bg5 Nbd7 9. 0-0 Be7 10. Kh1 b5 11. f3 0-0 12. a3 Nb6 13. Na5 Rc8 14. Be3 Qc7 15. Nb3 Rfd8 16. f4 Nc4 17. Bxc4 Bxc4 18. Rf2 Qd7 19. Rd2 Bxb3 20. cxb3 Qb7 21. Qf3 b4 22. axb4 Qxb4 23. Rxa6 Qxb3 24. Ra1 Ra8 25. Rad1 Rdb8 26. Bf2 Qc4 27. Bg3 Ra4 28. fxe5 dxe5 29. Nd5 Nxd5 30. exd5 Bd6 31. h3 Rab4 32. Qf2 Qc8 33. Qe2 Qe8 34. Rc2 Rb3 35. Bf2 Qd7 1/2-1/2